000 00218 a2200097 4500
001 35916
100 _aOlympia P L
245 _aD Base Power:
260 _aHamilton
_bAshton Tate Publishers
_c
090 _c23466
_d23466
942 _aNUST-CAE
_cM
_c14965
999 _c270989
_d270989